Clubs de Championship (2022-2023) - Statistiques

Statistiques générales
  • Ce quiz a été pris 47 fois
  • Le résultat moyen est 14 sur 24
Statistiques - réponses
% Correct
Championship Norwich City
91%
Championship Burnley FC
78%
Championship Sheffield United
75%
Championship Sunderland AFC
72%
Championship Watford FC
72%
Championship Blackburn Rovers
69%
Championship Luton Town
69%
Championship Queens Park Rangers
66%
Championship Swansea City
66%
Championship West Bromwich Albion
66%
Championship Birmingham City
63%
Championship Cardiff City
59%
Championship Middlesbrough FC
59%
Championship Wigan Athletic
59%
Championship Stoke City
56%
Championship Huddersfield Town
53%
Championship Hull City
53%
Championship Milwall FC
50%
Championship Blackpool FC
47%
Championship Coventry City
47%
Championship Preston North End
47%
Championship Bristol City
44%
Championship Reading FC
44%
Championship Rotherham United
34%
Aucun quiz correspondant
Distribution des résultats
% des personnes avec chaque résultat
Percentile par nombre de réponses
Votre historique - résultats
Vous n’avez pas pris ce quiz